| 000 | 00763nam a2200253Ia 4500 | ||
|---|---|---|---|
| 003 | OSt | ||
| 005 | 20220924124052.0 | ||
| 006 | a|||||r|||| 00| 0 | ||
| 007 | ta | ||
| 008 | 220923b |||||||| |||| 00| 0 urd d | ||
| 020 | _a9788180421204 (hbk) | ||
| 020 | _c200 | ||
| 024 | _a314871 | ||
| 037 |
_b5534/1, 06/03/2009, Modern Publishing House _cTextual |
||
| 040 |
_aARTS _cARTS _burd |
||
| 041 |
_2urd _aurd |
||
| 082 | _aO168,1N36x, P8 | ||
| 100 |
_aSahir Shiwee _9194676 |
||
| 245 | 0 | _aJag boodi ki lehrein | |
| 260 |
_aNew Delhi _b Modern Publishing House India _c2008 |
||
| 650 | _aURDU POETRY | ||
| 942 |
_hO168,1N36x, P8 _cTEXL _2CC |
||
| 999 |
_c418238 _d418238 |
||